000
00237nam a2200097Ia 4500
008
230915s9999 xx 000 0 und d
050
_a
QH 541.5 .P7.V 47
100
_a
FITZGERALD,D VESEY
245
0
_a
EAST AFRICA GRASSLANDS
942
_c
BK
999
_c
191983
_d
191983